000 00524nam a22001697a 4500
005 20251108164655.0
008 250721s1986 xx 000 0 ara d
082 1 4 _a956.4/منص
100 1 _aمنصور، عز الدين
245 1 0 _aفلسطين العربية بين التيئيس و التأميل /
264 1 _aطرابلس (ليبيا) :
_bدار إقرأ للطباعة،
_c1986.
300 _a200ص
650 1 7 _aتاريخ فلسطين
650 1 7 _aالصهونية
942 _2ddc
_cBK
999 _c11517
_d11517